000 00199nmm a2200085Ia 4500
008 220120s9999||||xx |||||||||||||||||und||
100 _aConger, David
245 0 _aCreating games in C++
260 _c2006
999 _c138549
_d138549